Capitales des Voïvodies de Pologne - Statistiques

Statistiques générales
  • Ce quiz a été pris 135 fois
  • Le résultat moyen est 9 sur 16
Statistiques - réponses
Voïvodie Capitale % Correct
Łódź Łódź
93%
Lublin Lublin
91%
Mazovie Varsovie
78%
Petite-Pologne Cracovie
70%
Opole Opole
69%
Basse-Silésie Wrocław (Vratislavie*)
69%
Poméranie Gdańsk
64%
Silésie Katowice
64%
Grande-Pologne Poznań (Posnanie*)
62%
Poméranie occidentale Szczecin
46%
Couïavie-Poméranie Bydgoszcz [Toruń]
43%
Basses-Carpates Rzeszów
42%
Podlachie Białystok
41%
Sainte-Croix Kielce
31%
Varmie-Mazurie Olsztyn
26%
Lubusz Gorzów Wielkopolski [Zielona Góra]
25%
Aucun quiz correspondant
Distribution des résultats
% des personnes avec chaque résultat
Percentile par nombre de réponses
Votre historique - résultats
Vous n’avez pas pris ce quiz